00302nam a2200133Ia 4500008004000000041000800040082001100048100001600059245002100075260004300096650000700139650000800146650001400154210210b1944 xxu||||| |||| 00| 0 eng d aeng a370/42 aLEWIS (C S) aAbolition of man aLondonbOxford University Pressc1944 aof aman aAbolition